[Event "Helsingor Xtracon op"]
[Site "Helsingor"]
[Date "2019.07.21"]
[Round "2"]
[White "Koch Mueller, Oscar"]
[Black "Larsen, Mette Dalsgaard"]
[Result "1-0"]
[WhiteElo "1866"]
[BlackElo "1637"]
[PlyCount "41"]
[EventDate "2019.07.20"]
[EventType "swiss"]
[EventRounds "10"]
[EventCountry "DEN"]
[SourceTitle "CBM 191 Extra"]
[Source "ChessBase"]
[SourceDate "2019.09.30"]
[SourceVersion "1"]
[SourceVersionDate "2019.09.30"]
[SourceQuality "1"]

1. c4 e6 2. Nc3 d5 3. cxd5 exd5 4. d4 Nf6 5. Bg5 Be7 6. e3 0-0 7. Nf3 h6 8. Bh4 Bf5 9. Qb3 Bc8 10. Bxf6 Bxf6 11. Nxd5 c6 12. Nxf6+ Qxf6 13. Bd3 Nd7 14. h4 Re8 15. Qc2 Nf8 16. Ne5 Be6 17. g4 Bxg4 18. Nxg4 Qxd4 19. Rg1 Kh8 20. 0-0-0 Qd7 21. Qc3 1-0

[Event "Helsingor Xtracon op"]
[Site "Helsingor"]
[Date "2019.07.20"]
[Round "1"]
[White "Larsen, Mette Dalsgaard"]
[Black "Machlik, Monika"]
[Result "0-1"]
[WhiteElo "1637"]
[BlackElo "2083"]
[PlyCount "56"]
[EventDate "2019.07.20"]
[EventType "swiss"]
[EventRounds "10"]
[EventCountry "DEN"]
[SourceTitle "CBM 191 Extra"]
[Source "ChessBase"]
[SourceDate "2019.09.30"]
[SourceVersion "1"]
[SourceVersionDate "2019.09.30"]
[SourceQuality "1"]

1. d4 Nf6 2. c4 e6 3. Nf3 Bb4+ 4. Bd2 a5 5. a3 Bxd2+ 6. Nbxd2 d6 7. e3 Nc6 8. Be2 e5 9. Qc2 0-0 10. 0-0 Bg4 11. Rad1 Qe7 12. d5 Nb8 13. e4 a4 14. h3 Bc8 15. Ne1 Ne8 16. f4 exf4 17. Rxf4 Qg5 18. Rf3 Nd7 19. Nd3 Nef6 20. Rdf1 Re8 21. Rf5 Qe3+ 22. R1f2 Rxe4 23. Nxe4 Nxe4 24. Rxf7 Ndf6 25. Rxc7 Bf5 26. Qd1 Re8 27. Bf3 Nxf2 28. Nxf2 Qb6 0-1

[Event "Helsingor Xtracon op"]
[Site "Helsingor"]
[Date "2017.07.25"]
[Round "5"]
[White "Larsen, Mette Dalsgaard"]
[Black "Tjora, Alexander"]
[Result "1-0"]
[WhiteElo "1679"]
[BlackElo "1434"]
[PlyCount "141"]
[EventDate "2017.07.22"]
[EventType "swiss"]
[EventRounds "10"]
[EventCountry "DEN"]
[SourceTitle "CBM 179 Extra"]
[Source "ChessBase"]
[SourceDate "2017.08.23"]
[SourceVersion "1"]
[SourceVersionDate "2017.08.23"]
[SourceQuality "1"]

1. d4 Nf6 2. c4 g6 3. Nf3 Bg7 4. e3 0-0 5. Nc3 d5 6. Be2 dxc4 7. Bxc4 c5 8. 0-0 Nc6 9. Qd2 Bg4 10. Be2 cxd4 11. Nxd4 Nxd4 12. exd4 Bf5 13. Qf4 Rc8 14. Be3 h5 15. Rac1 Ng4 16. h3 Bh6 17. Qf3 Nxe3 18. fxe3 e5 19. Rcd1 exd4 20. Rxd4 Qg5 21. Rf4 Qe7 22. Nd5 Qe5 23. Rb4 Rc5 24. e4 b6 25. Nc3 Be6 26. Rd1 Qg5 27. Kh1 Bg7 28. Nd5 Rfc8 29. a3 Rc2 30. Rb5 Rxb2 31. Rxb2 Bxb2 32. Qd3 Rc1 33. Bf3 Rxd1+ 34. Bxd1 Be5 35. Qf3 Qg3 36. Ne7+ Kf8 37. Qxg3 Bxg3 38. Nc6 a5 39. Nd4 Bd7 40. a4 Bf2 41. Nf3 Bc6 42. Bc2 Ke7 43. Kh2 h4 44. Ne5 Be8 45. Nd3 Bg3+ 46. Kg1 Kd6 47. Kf1 Kc6 48. Ke2 Bd7 49. Ke3 Be6 50. Kd4 Bh2 51. Ne1 Bg1+ 52. Ke5 Kc5 53. Nf3 Be3 54. Nxh4 Ba2 55. Nf3 Bc1 56. Kf6 Bb2+ 57. Ke7 Ba3 58. Kf6 Kb4 59. e5 Bb2 60. Ng5 Bb3 61. Bxb3 Kxb3 62. Nxf7 Kxa4 63. Kxg6 Bxe5 64. Nxe5 b5 65. h4 b4 66. h5 b3 67. Nd3 Ka3 68. h6 b2 69. Nxb2 Kxb2 70. h7 a4 71. h8Q+ 1-0

[Event "Helsingor Xtracon op"]
[Site "Helsingor"]
[Date "2016.07.29"]
[Round "8"]
[White "Larsen, Mette Dalsgaard"]
[Black "Strachan, Christian C"]
[Result "0-1"]
[WhiteElo "1715"]
[BlackElo "1964"]
[PlyCount "76"]
[EventDate "2016.07.23"]
[EventType "swiss"]
[EventRounds "10"]
[EventCountry "DEN"]
[SourceTitle "CBM 173 Extra"]
[Source "ChessBase"]
[SourceDate "2016.08.29"]
[SourceVersion "1"]
[SourceVersionDate "2016.08.29"]
[SourceQuality "1"]

1. d4 d5 2. c4 c6 3. e3 Nf6 4. Nc3 a6 5. Nf3 b5 6. cxd5 cxd5 7. Be2 Bb7 8. 0-0 e6 9. b3 Nc6 10. Bb2 Bd6 11. Rc1 0-0 12. Bd3 Rc8 13. Qe2 Re8 14. Rfd1 Qe7 15. Bb1 Rc7 16. h3 Rec8 17. e4 dxe4 18. Nxe4 Nxe4 19. Bxe4 f5 20. Bb1 Bf4 21. Rc3 Nb4 22. Rxc7 Rxc7 23. Ne1 Nd5 24. Nd3 Bd6 25. Nc5 Bc8 26. Nd3 Qf6 27. Qd2 g6 28. Re1 Qe7 29. Re2 Nf6 30. f3 Nd5 31. Qe1 Qf6 32. Ne5 Bb4 33. Qf2 Qe7 34. Nd3 Ba5 35. Nc5 Rc6 36. Rc2 Qd6 37. Re2 Bc7 38. Kf1 Qh2 0-1

[Event "Helsingor Xtracon op"]
[Site "Helsingor"]
[Date "2016.07.28"]
[Round "7"]
[White "Kvaloy, Ola"]
[Black "Larsen, Mette Dalsgaard"]
[Result "0-1"]
[WhiteElo "1408"]
[BlackElo "1715"]
[PlyCount "66"]
[EventDate "2016.07.23"]
[EventType "swiss"]
[EventRounds "10"]
[EventCountry "DEN"]
[SourceTitle "CBM 173 Extra"]
[Source "ChessBase"]
[SourceDate "2016.08.29"]
[SourceVersion "1"]
[SourceVersionDate "2016.08.29"]
[SourceQuality "1"]

1. d4 d5 2. Nf3 e6 3. e3 Nf6 4. Bd3 c5 5. b3 Nbd7 6. 0-0 Be7 7. Bb2 0-0 8. Nbd2 b6 9. Ne5 Bb7 10. f4 Rc8 11. Rc1 Nb8 12. c3 Ba6 13. c4 Bb7 14. Bb1 Nc6 15. Rf3 dxc4 16. Rh3 g6 17. bxc4 cxd4 18. Nxc6 Bxc6 19. exd4 Qd6 20. Qe2 Qxf4 21. d5 Bc5+ 22. Kh1 exd5 23. Rf3 Qg4 24. Bxf6 Rce8 25. Qf1 Bb4 26. Bc3 Bc5 27. Rg3 Qd7 28. Qf6 d4 29. Bb2 Re2 30. Rd1 Rxg2 31. Rxg2 Bxg2+ 32. Kxg2 Qg4+ 33. Kf2 d3+ 0-1